以城区卫星图认北京各区 Beijing districts by satellite images - Statistics

General Stats
  • This quiz has been taken 8 times
  • The average score is 12 of 16
Answer Stats
Picture Answer % Correct
西城
100%
丰台
100%
东城
88%
朝阳
88%
门头沟
88%
昌平
88%
顺义
88%
石景山
75%
大兴
63%
延庆
63%
怀柔
63%
密云
63%
通州
63%
海淀
50%
房山
50%
平谷
50%
No matching quizzes found
Score Distribution
Percent of People with Each Score
Percentile by Number Answered
Your Score History
You have not taken this quiz